LDR 00735naa#a2200193#i#450# 001 EN\\bibl\120115 005 20260517010838.7 011 ## _a2500-4026 100 ## _a20220630b2022####ek#y0engy0150####ca 101 0# _aRUS 102 ## _aRU 200 1# _aINFLUENCE OF BORDERING FOREST AREAS WHEN PREDICTING FIRES _eJournal article 210 1# _aZheleznogorsk _cFSBEE HE Siberian Fire and Rescue Academy EMERCOM of Russia _d2022 215 ## _a7 с. 608 ## _aJournal article _2local 675 ## _aХарактер пожара, причины, процесс. 614.841 _aПрочие вопросы, касающиеся пожарной охраны. 614.849 _zRUS 700 #1 _aSHiroukhov _gA V 700 #1 _aIvanov _gK S 856 4# _avestnik-sibpsa.editorum.ru _u